Egyptian literature 1800 BC : questions and readings /
Main Author:
Format: Book
Language: English
Published:
London :
Golden House,
2004.
Series:
GHP Egyptology ;
2.
Egyptology ;
2.
Subjects:
Tags: Add Tag
Call Number: DT59 .E88 v.2
| LEADER | 00938cam a2200313 i 4500 | ||
|---|---|---|---|
| 001 | ocm60600259 | ||
| 003 | OSt | ||
| 005 | 20260517083801.0 | ||
| 008 | 050411s2004 enka b 000 0 eng d | ||
| 016 | 7 | |a 013139169 |2 Uk | |
| 020 | |a 0954721861 | ||
| 020 | |a 9780954721862 | ||
| 020 | |a 0013139169 | ||
| 020 | |a 9780013139164 | ||
| 040 | |c ARCE Library | ||
| 043 | |a f-ua--- | ||
| 050 | 4 | |a DT59 .E88 v.2 | |
| 100 | 1 | |a Quirke, Stephen, |e author | |
| 245 | 1 | 0 | |a Egyptian literature 1800 BC : |b questions and readings / |c Stephen Quirke. |
| 264 | 1 | |a London : |b Golden House, |c 2004. | |
| 300 | |a v, 226 pages : |b illustrations ; |c 30 cm. | ||
| 490 | 0 | |a GHP Egyptology ; |v 2. | |
| 490 | 0 | |a Egyptology ; |v 2. | |
| 504 | |a Includes bibliographical references. | ||
| 650 | 0 | |a Egyptian literature |x History and criticism. | |
| 650 | 0 | |a Egyptian literature |x Translations into English. | |
| 901 | |a reviewed | ||
| 942 | |2 lcc |c BK | ||
| 999 | |c 55309 |d 55309 | ||
